000 00931nam a2200205 i 4500
001 154783
003 ES-MaACL
005 20251124063456.0
008 950622s1849 sp a |||| | spa d
040 _aCAT
_bspa
_cCAT
_dCCPB
100 1 _aGrau y Bassas, Juan,
_dn. 1819
_9127543
245 1 0 _aNociones de taxidermia /
_cpor Juan Grau Bassas ; obra aprobada por los señores catedráticos de historia natural de esta universidad Cipriano de Uribarri y Antonio Sánchez Comendador.
260 _aBarcelona :
_b[s.n.],
_c1849 (
_fImprenta de A. Frexas)
300 _a144 p., [2] h. de lám. ;
_c15 cm.
650 4 _aTaxidermia.
_9136904
700 1 _aUribarri, Cipriano de.
_9133455
700 1 _aSánchez Comendador, Antonio,
_d1823-1888
_9133008
852 _aES-MaACL
_jT-645-F-8
_z-- Enc. hol.
_z-- Ded. ms. a la biblioteca de "Los Escolares Médicos" del socio fundador Justo Sanz? Diez
999 _c154783
_d154783